Life on the screen : Identity in the age of the internet (Record no. 11791)
[ view plain ]
| 000 -LEADER | |
|---|---|
| fixed length control field | 00413nam a2200169Ia 4500 |
| 001 - CONTROL NUMBER | |
| control field | 10842 |
| 008 - FIXED-LENGTH DATA ELEMENTS--GENERAL INFORMATION | |
| fixed length control field | 140331s9999 xx 000 0 und d |
| 020 ## - INTERNATIONAL STANDARD BOOK NUMBER | |
| International Standard Book Number | 0-684-80353-4 |
| 040 ## - CATALOGING SOURCE | |
| Transcribing agency | PK-LaUMT |
| 082 ## - DEWEY DECIMAL CLASSIFICATION NUMBER | |
| Classification number | 155.9 |
| Item number | TUR-L |
| 100 ## - MAIN ENTRY--PERSONAL NAME | |
| Personal name | Turkle, Sherry |
| 245 ## - TITLE STATEMENT | |
| Title | Life on the screen : Identity in the age of the internet |
| Statement of responsibility, etc | Turkle, Sherry |
| 260 ## - PUBLICATION, DISTRIBUTION, ETC. (IMPRINT) | |
| Date of publication, distribution, etc | 1995 |
| 300 ## - PHYSICAL DESCRIPTION | |
| Extent | 347 p. |
| 546 ## - LANGUAGE NOTE | |
| Language note | EN |
| 942 ## - ADDED ENTRY ELEMENTS (KOHA) | |
| Koha item type | Books |
| Withdrawn status | Lost status | Damaged status | Not for loan | Home library | Current library | Date acquired | Total Checkouts | Full call number | Barcode | Date last seen | Price effective from | Koha item type |
|---|---|---|---|---|---|---|---|---|---|---|---|---|
| UMT Main Campus | UMT Main Campus | 2014-03-31 | 155.9 TUR-L | 12388 | 2014-04-21 | 2014-04-21 | Books |
